[Event "XXIX Festival Isola d'Elba A"]
[Site "Capoliveri ITA"]
[Date "2011.05.12"]
[Round "7"]
[White "Simeone, Giulio"]
[Black "Albanesi, Roberto"]
[Result "1/2-1/2"]
[WhiteElo "1869"]
[BlackElo "1980"]
[PlyCount "131"]
[EventDate "2011.05.07"]

1. c4 Nf6 2. Nc3 c6 3. e4 d5 4. e5 d4 5. exf6 dxc3 6. fxg7 cxd2+ 7. Bxd2 Bxg7
8. Qc2 Qd6 9. Nf3 Bg4 10. O-O-O Qg6 11. Bd3 Qh5 12. Bc3 Qh6+ 13. Kb1 Nd7 14.
Bf5 Bxf5 15. Qxf5 e6 16. Bxg7 Qxg7 17. Qa5 Nb6 18. Qb4 Qf8 19. Qc3 Nd7 20. Qa5
Nb6 21. Rd4 Qe7 22. Qe5 f6 23. Qg3 Kf7 24. Qh3 Qc5 25. Re1 Qf5+ 26. Qxf5 exf5
27. Nh4 Rhg8 28. g3 Rae8 29. Rxe8 Rxe8 30. Rf4 Re4 31. Nxf5 Rxf4 32. gxf4 Nxc4
33. Kc2 Ke6 34. Nd4+ Kd5 35. Nf5 Ke4 36. Ng3+ Kxf4 37. b3 Ne5 38. Kd1 Ng4 39.
Ke2 Nxh2 40. b4 Ng4 41. Nh5+ Kg5 42. Ng7 Ne5 43. Ke3 Ng4+ 44. Kf3 h5 45. Ne6+
Kf5 46. Nd8 Ne5+ 47. Kg3 Nd3 48. a3 c5 49. Nxb7 cxb4 50. axb4 Nxb4 51. Kh4 Kg6
52. Na5 Nd3 53. f3 f5 54. Kg3 Kg5 55. Nc4 f4+ 56. Kg2 Nb4 57. Na5 Nd3 58. Nc6
Kh4 59. Nxa7 Kg5 60. Nb5 Kf5 61. Nd4+ Kg6 62. Kh3 Kf6 63. Kh4 Kg6 64. Ne6 Kh6
65. Kh3 Kg6 66. Kh4 1/2-1/2

[Event "XXIX Festival Isola d'Elba A"]
[Site "Capoliveri ITA"]
[Date "2011.05.12"]
[Round "7"]
[White "De Zaiacomo, Tonino"]
[Black "Ricci, Alfredo"]
[Result "0-1"]
[WhiteElo "1715"]
[BlackElo "1946"]
[PlyCount "76"]
[EventDate "2011.05.07"]

1. d4 c5 2. e3 e6 3. c4 Nf6 4. Nc3 a6 5. Nf3 d5 6. cxd5 exd5 7. dxc5 Bxc5 8. h3
O-O 9. Bd3 Nc6 10. O-O b5 11. a3 Re8 12. b4 Bb6 13. Bb2 Bb7 14. Ne2 Ne4 15. Rc1
Qe7 16. Bb1 Rad8 17. Ned4 Ne5 18. Nxe5 Qxe5 19. Qe2 Qg5 20. Nf3 Qh6 21. Nd4 Nd6
22. Kh1 Qg5 23. f4 Qe7 24. Rf3 Rc8 25. Rxc8 Bxc8 26. Rg3 f6 27. Qh5 Ne4 28. Kh2
Qf7 29. Qh4 g6 30. f5 Nxg3 31. fxg6 hxg6 32. Kxg3 Kg7 33. Nf3 Rh8 34. Ng5 Bc7+
35. Kf2 Rxh4 36. Nxf7 Kxf7 37. Ba2 Be6 38. Bd4 Be5 0-1

[Event "XXIX Festival Isola d'Elba A"]
[Site "Capoliveri ITA"]
[Date "2011.05.12"]
[Round "7"]
[White "Kopischke, Maik"]
[Black "De Giorgis, Georges"]
[Result "1-0"]
[WhiteElo "1890"]
[BlackElo "1758"]
[PlyCount "106"]
[EventDate "2011.05.07"]

1. d4 d5 2. Nf3 Nf6 3. Bf4 Nc6 4. e3 Ne4 5. Nbd2 f5 6. Ne5 g6 7. Nxc6 bxc6 8.
Be5 Nf6 9. c4 e6 10. Qa4 Bd7 11. Qa5 Bd6 12. Bxf6 Qxf6 13. c5 Be7 14. Qxc7 a5
15. Nf3 Bd8 16. Qb7 Rc8 17. Ne5 Qe7 18. Be2 Rc7 19. Qa6 Rc8 20. O-O O-O 21. Qd3
Bc7 22. f4 Bxe5 23. fxe5 Rb8 24. Qd2 Ra8 25. Rfb1 Rfb8 26. b3 Bc8 27. b4 axb4
28. Rxb4 Qa7 29. Rxb8 Rxb8 30. a4 Qb7 31. a5 Qb2 32. Qxb2 Rxb2 33. Kf1 Bb7 34.
a6 Ba8 35. Bd3 Kg7 36. Rb1 Rxb1+ 37. Bxb1 h5 38. h4 Kh6 39. Kf2 g5 40. hxg5+
Kxg5 41. Kg3 h4+ 42. Kf3 Kh5 43. Kf4 Kg6 44. Bd3 Kh5 45. Be2+ Kg6 46. Kf3 Kg5
47. Kf2 f4 48. Bd3 Kg4 49. exf4 Kxf4 50. Bg6 Kg5 51. Bf7 Kf5 52. Kf3 Kg5 53.
Bxe6 Kg6 1-0

[Event "XXIX Festival Isola d'Elba A"]
[Site "Capoliveri ITA"]
[Date "2011.05.13"]
[Round "8"]
[White "Istratescu, Andrei"]
[Black "Paleologu, Vladimir"]
[Result "1-0"]
[WhiteElo "2623"]
[BlackElo "2152"]
[PlyCount "83"]
[EventDate "2011.05.07"]

1. e4 g6 2. d4 Bg7 3. c4 d6 4. Nc3 Nd7 5. h4 e6 6. h5 c5 7. Nf3 a6 8. d5 e5 9.
g4 Ndf6 10. h6 Bf8 11. Nh2 Nd7 12. g5 f6 13. Nf3 Be7 14. gxf6 Ngxf6 15. Ng5 Nf8
16. Qf3 Bg4 17. Qg3 Qc7 18. a4 b6 19. Be3 Bd7 20. Be2 Rg8 21. f4 Rb8 22. fxe5
dxe5 23. Kd2 Qd6 24. Raf1 Ne6 25. Nxe6 Bxe6 26. Kc2 Bd7 27. Bg1 Bd8 28. Bh2 Bc7
29. Qg5 Rf8 30. Bg3 Ke7 31. Bh4 Rf7 32. Rh2 Rbf8 33. Rhf2 Bd8 34. Bg4 Bxg4 35.
Qxg4 Qd7 36. d6+ Ke8 37. Qxd7+ Kxd7 38. Nd5 Ke6 39. Bxf6 Bxf6 40. Nxf6 Rxf6 41.
Rxf6+ Rxf6 42. d7 1-0

[Event "XXIX Festival Isola d'Elba A"]
[Site "Capoliveri ITA"]
[Date "2011.05.13"]
[Round "8"]
[White "Naumkin, Igor"]
[Black "Laketic, Gojko"]
[Result "0-1"]
[WhiteElo "2506"]
[BlackElo "2442"]
[PlyCount "58"]
[EventDate "2011.05.07"]

1. d4 Nf6 2. c4 e6 3. Nf3 c5 4. d5 exd5 5. cxd5 d6 6. Nc3 g6 7. e4 Bg7 8. Be2
O-O 9. O-O Re8 10. Nd2 Na6 11. f3 Nc7 12. a4 b6 13. Bc4 a6 14. Rb1 Nd7 15. Qc2
Rb8 16. b4 b5 17. Ba2 cxb4 18. Rxb4 a5 19. Rb1 b4 20. Ne2 Ba6 21. Nc4 Nxd5 22.
Qd2 N7b6 23. Nxb6 Qxb6+ 24. Kh1 Bxe2 25. Qxe2 Nc3 26. Qc4 d5 27. exd5 Rbc8 28.
Qb3 Qf2 29. Bb2 Nxb1 0-1

[Event "XXIX Festival Isola d'Elba A"]
[Site "Capoliveri ITA"]
[Date "2011.05.13"]
[Round "8"]
[White "Bellia, Fabrizio"]
[Black "Schaefer, Michael"]
[Result "1-0"]
[WhiteElo "2415"]
[BlackElo "2248"]
[PlyCount "79"]
[EventDate "2011.05.07"]

1. e4 c5 2. Nf3 Nc6 3. d4 cxd4 4. Nxd4 g6 5. c4 Bg7 6. Be3 Nf6 7. Nc3 O-O 8.
Be2 d6 9. O-O Bd7 10. Qd2 Nxd4 11. Bxd4 Bc6 12. f3 a5 13. b3 Nd7 14. Be3 Nc5
15. Rac1 Qb6 16. Nb5 Rfc8 17. Nd4 Qd8 18. Bd1 Bd7 19. a4 Qf8 20. Bc2 Bc6 21.
Rcd1 h5 22. Ne2 Kh7 23. Nf4 Bh6 24. Nh3 Bxe3+ 25. Qxe3 Bd7 26. Ng5+ Kg8 27. f4
Qg7 28. e5 Ra6 29. exd6 exd6 30. Rfe1 Qf8 31. f5 gxf5 32. Qf4 f6 33. Nf3 Re8
34. Bxf5 Rxe1+ 35. Rxe1 Rb6 36. Nd4 Qf7 37. Bxd7 Nxd7 38. Nf5 Qf8 39. Qg3+ Kh8
40. Re8 1-0

[Event "XXIX Festival Isola d'Elba A"]
[Site "Capoliveri ITA"]
[Date "2011.05.13"]
[Round "8"]
[White "Evangelisti, Claudio R."]
[Black "Dittmar, Peter"]
[Result "0-1"]
[WhiteElo "2243"]
[BlackElo "2307"]
[PlyCount "60"]
[EventDate "2011.05.07"]

1. Nf3 d5 2. c4 e6 3. d4 Nf6 4. Nc3 Be7 5. g3 O-O 6. Bg2 c5 7. cxd5 exd5 8. O-O
Nc6 9. Bf4 Bg4 10. Ne5 Be6 11. dxc5 Bxc5 12. Rc1 Bb6 13. Nxc6 bxc6 14. Na4 Rc8
15. Nc5 Bxc5 16. Rxc5 Qb6 17. Be3 Qxb2 18. Bd4 Qb4 19. a3 Qxa3 20. Qd2 Nd7 21.
Ra1 Qb3 22. Rca5 c5 23. R5a3 Qb8 24. Bb2 Ne5 25. Qc1 d4 26. Rxa7 Nc4 27. Rb7
Qe5 28. Raa7 Nxb2 29. Qxb2 c4 30. h4 c3 0-1

[Event "XXIX Festival Isola d'Elba A"]
[Site "Capoliveri ITA"]
[Date "2011.05.13"]
[Round "8"]
[White "Blasco, Domenico"]
[Black "Friedrich, Norbert"]
[Result "0-1"]
[WhiteElo "1939"]
[BlackElo "2305"]
[PlyCount "64"]
[EventDate "2011.05.07"]

1. d4 Nf6 2. Nf3 d5 3. e3 c6 4. c4 e6 5. Nbd2 c5 6. b3 cxd4 7. exd4 Be7 8. Bb2
O-O 9. Bd3 b6 10. O-O Bb7 11. Qe2 Nc6 12. Rad1 Rc8 13. Ne5 dxc4 14. Ndxc4 Nb4
15. Bb1 Rc7 16. f4 g6 17. a3 Nbd5 18. Qd3 Nh5 19. f5 exf5 20. Rxf5 Nhf4 21. Qe4
gxf5 22. Qxf5 Ng6 23. Rf1 Qc8 24. Qh5 Nf6 25. Qh6 Ng4 26. Qh5 N4xe5 27. Nxe5
Rc2 28. Bxc2 Qxc2 29. Qh3 Qxb2 30. Nxf7 Qxd4+ 31. Kh1 Rxf7 32. Qe6 Qd5 0-1

[Event "XXIX Festival Isola d'Elba A"]
[Site "Capoliveri ITA"]
[Date "2011.05.13"]
[Round "8"]
[White "Gromovs, Sergejs"]
[Black "Guerrini, Donato"]
[Result "1-0"]
[WhiteElo "2311"]
[BlackElo "2011"]
[PlyCount "66"]
[EventDate "2011.05.07"]

1. d4 Nf6 2. Bg5 d6 3. Bxf6 exf6 4. g3 c6 5. Bg2 g6 6. e3 d5 7. Ne2 Bg7 8. O-O
O-O 9. c4 dxc4 10. Na3 Nd7 11. Nxc4 Nb6 12. Nxb6 Qxb6 13. Qc2 Be6 14. Rfc1 f5
15. b3 Rfe8 16. Nc3 Qd8 17. b4 a6 18. a4 Bf8 19. Qb2 Qb6 20. Rab1 Bc4 21. Rd1
a5 22. b5 Bb4 23. bxc6 bxc6 24. d5 cxd5 25. Nxd5 Bxd5 26. Bxd5 Ra7 27. Qb3 Qc7
28. Rbc1 Qe7 29. h4 Qf6 30. Rc6 Qg7 31. h5 Rae7 32. hxg6 hxg6 33. Rd4 Rd8 1-0

[Event "XXIX Festival Isola d'Elba A"]
[Site "Capoliveri ITA"]
[Date "2011.05.13"]
[Round "8"]
[White "Ricci, Alfredo"]
[Black "Horton-Kitchlew, Andrew"]
[Result "1-0"]
[WhiteElo "1946"]
[BlackElo "2100"]
[PlyCount "21"]
[EventDate "2011.05.07"]

1. e4 b6 2. d4 Bb7 3. Bd3 g6 4. Nf3 Bg7 5. O-O h6 6. Re1 g5 7. Nc3 g4 8. Ne5 d6
9. Qxg4 Bf8 10. Nxf7 Kxf7 11. Qh5+ 1-0

[Event "XXIX Festival Isola d'Elba A"]
[Site "Capoliveri ITA"]
[Date "2011.05.13"]
[Round "8"]
[White "Arigoni, Bruno"]
[Black "Kopischke, Maik"]
[Result "1/2-1/2"]
[WhiteElo "2071"]
[BlackElo "1890"]
[PlyCount "20"]
[EventDate "2011.05.07"]

1. Nf3 Nf6 2. d4 c5 3. e3 g6 4. c4 Bg7 5. Nc3 O-O 6. Be2 cxd4 7. exd4 d5 8. O-O
Nc6 9. Bf4 dxc4 10. d5 Nh5 1/2-1/2

[Event "XXIX Festival Isola d'Elba A"]
[Site "Capoliveri ITA"]
[Date "2011.05.13"]
[Round "8"]
[White "Facchetti, Gianni"]
[Black "Albanesi, Roberto"]
[Result "1-0"]
[WhiteElo "2098"]
[BlackElo "1980"]
[PlyCount "44"]
[EventDate "2011.05.07"]

1. e4 c5 2. Nf3 d6 3. d4 cxd4 4. Qxd4 Nc6 5. Bb5 Bd7 6. Bxc6 Bxc6 7. c4 f5 8.
exf5 Bxf3 9. gxf3 Qa5+ 10. Nc3 Qxf5 11. Qe4 Qd7 12. Bg5 O-O-O 13. O-O-O h6 14.
Be3 Nf6 15. Qd3 Kb8 16. Bxa7+ Kxa7 17. Nb5+ Kb8 18. Qd4 Qc6 19. Qa7+ Kc8 20.
Qa5 Kd7 21. Kb1 Ke8 22. Rhe1 Kf7 1-0

[Event "XXIX Festival Isola d'Elba A"]
[Site "Capoliveri ITA"]
[Date "2011.05.13"]
[Round "8"]
[White "Simeone, Giulio"]
[Black "De Zaiacomo, Tonino"]
[Result "1-0"]
[WhiteElo "1869"]
[BlackElo "1715"]
[PlyCount "79"]
[EventDate "2011.05.07"]

1. c4 Nf6 2. Nc3 e6 3. e4 d6 4. d4 Be7 5. Bd3 Nbd7 6. Qe2 O-O 7. e5 dxe5 8.
dxe5 Ne8 9. Bf4 f6 10. Nf3 fxe5 11. Bxe5 Nxe5 12. Nxe5 Bc5 13. O-O Nd6 14. Qh5
Nf5 15. Rad1 Qe7 16. Be4 c6 17. Rd3 g6 18. Qe2 Qg7 19. Nf3 a5 20. Rfd1 Bb6 21.
R3d2 h5 22. Bc2 Qf6 23. Ne4 Qe7 24. Ne5 Nh4 25. c5 Bc7 26. Nd6 Qg5 27. f3 b6
28. cxb6 Bxb6+ 29. Kh1 Ba6 30. Qe4 Rf4 31. Qxc6 Raf8 32. Qxb6 Qxe5 33. Qxa6 Qg5
34. Ne4 Rxe4 35. Bxe4 Qe5 36. Qd6 Qf6 37. Qd4 Qg5 38. Rc2 Kh7 39. Rc7+ Kh6 40.
Qg7# 1-0

[Event "XXIX Festival Isola d'Elba A"]
[Site "Capoliveri ITA"]
[Date "2011.05.13"]
[Round "8"]
[White "Fantana, Marin-Dumitru"]
[Black "De Giorgis, Georges"]
[Result "1-0"]
[WhiteElo "1914"]
[BlackElo "1758"]
[PlyCount "118"]
[EventDate "2011.05.07"]

1. e4 e5 2. Nf3 Nf6 3. Nxe5 d6 4. Nf3 Nxe4 5. d4 d5 6. Bd3 f5 7. Ne5 g6 8. c4
c6 9. Be3 Nd7 10. Nf3 Bb4+ 11. Nbd2 O-O 12. O-O Nxd2 13. Nxd2 Nf6 14. Bg5 Be7
15. f3 Rf7 16. c5 Ne8 17. Be3 Bf6 18. f4 Nc7 19. Nf3 Ne6 20. Qd2 Re7 21. b4 a6
22. a4 Bd7 23. Ra2 Re8 24. Rfa1 Qc7 25. Ne5 Bxe5 26. fxe5 Ng7 27. Be2 Ne6 28.
Ra3 Rf8 29. Rf1 Ng7 30. Bf4 Be6 31. Rh3 h5 32. Rg3 Qf7 33. Bh6 Kh7 34. Qg5 Rae8
35. Bxg7 Kxg7 36. Bxh5 Rg8 37. Bxg6 Kf8 38. Bxf7 Rxg5 39. Bxe8 Rxg3 40. hxg3
Kxe8 41. Kf2 Kf7 42. Ke3 Kg6 43. Kf4 Bd7 44. a5 Be6 45. Rh1 Kg7 46. Kg5 Bd7 47.
Rh6 Kf7 48. Rh7+ Ke8 49. Kf6 Kd8 50. e6 Be8 51. Rh8 b5 52. axb6 f4 53. b7 Kc7
54. b8=Q+ Kxb8 55. Rxe8+ Kb7 56. e7 a5 57. Rd8 Ka6 58. e8=Q Kb5 59. Rb8+ Kc4
1-0

[Event "XXIX Festival Isola d'Elba A"]
[Site "Capoliveri ITA"]
[Date "2011.05.14"]
[Round "9"]
[White "Gromovs, Sergejs"]
[Black "Istratescu, Andrei"]
[Result "0-1"]
[WhiteElo "2311"]
[BlackElo "2623"]
[PlyCount "116"]
[EventDate "2011.05.07"]

1. d4 d5 2. Nf3 Nf6 3. c4 dxc4 4. e3 Be6 5. Na3 Bd5 6. Nxc4 e6 7. a3 c5 8. dxc5
Bxc5 9. b4 Be7 10. Bb2 Nc6 11. Be2 O-O 12. O-O Ne4 13. Nfe5 Nxe5 14. Nxe5 Rc8
15. Qd4 f6 16. Nf3 Rc2 17. Bd3 e5 18. Bxe4 exd4 19. Bxc2 d3 20. Bb1 Bxf3 21.
gxf3 Kh8 22. Bd4 Qd5 23. Bxd3 Qxf3 24. Rfc1 Qg4+ 25. Kf1 Bd6 26. Bc5 Qh3+ 27.
Ke1 Qxh2 28. Bxa7 f5 29. Ra2 f4 30. Rac2 fxe3 31. Bxe3 Qh3 32. Bf1 Qe6 33. Bg2
Bf4 34. Re2 Bxe3 35. Rxe3 Qa2 36. Bf3 g5 37. Be2 Qd5 38. Rc7 Qh1+ 39. Kd2 Rd8+
40. Bd3 Qh2 41. Rf7 Kg8 42. Ree7 Qh5 43. Rg7+ Kf8 44. Rxh7 Qf3 45. Ref7+ Qxf7
46. Rxf7+ Kxf7 47. f3 Ke6 48. a4 Ke5 49. a5 Kf4 50. Ke2 Rd4 51. b5 Ra4 52. a6
Ra2+ 53. Kd1 bxa6 54. bxa6 Kxf3 55. Bc4 Ra4 56. Bb5 Ra5 57. Bd3 Ke3 58. Bc4 g4
0-1

[Event "XXIX Festival Isola d'Elba A"]
[Site "Capoliveri ITA"]
[Date "2011.05.14"]
[Round "9"]
[White "Dittmar, Peter"]
[Black "Laketic, Gojko"]
[Result "0-1"]
[WhiteElo "2307"]
[BlackElo "2442"]
[PlyCount "118"]
[EventDate "2011.05.07"]

1. e4 Nf6 2. e5 Nd5 3. d4 d6 4. c4 Nb6 5. exd6 cxd6 6. Nc3 g6 7. Be3 Bg7 8. Rc1
O-O 9. b3 Bf5 10. d5 e5 11. dxe6 Bxe6 12. Nf3 Nc6 13. Be2 d5 14. Nxd5 Bxd5 15.
Bxb6 axb6 16. cxd5 Nb4 17. a4 Nxd5 18. O-O Nc3 19. Qc2 Rc8 20. Bc4 b5 21. axb5
Nxb5 22. Qe4 Nd6 23. Qd5 Qb6 24. Rfd1 Bb2 25. Rb1 Nxc4 26. bxc4 Rfd8 27. Qe4
Rxd1+ 28. Rxd1 Qb3 29. Qe1 Rxc4 30. Nd2 Qxd1 31. Qxd1 Rc1 32. Qxc1 Bxc1 33. Nb3
Bb2 34. Kf1 Kf8 35. Nc5 b5 36. Nd3 Ba3 37. Ke2 Ke7 38. Ke3 Bd6 39. Kd4 Ke6 40.
h3 Be7 41. Nf4+ Kd6 42. Kc3 Ke5 43. Ne2 Ke4 44. Ng3+ Kd5 45. f3 Bh4 46. Ne2 Kc5
47. Nc1 Be1+ 48. Kd3 Kb4 49. Ne2 Ka4 50. Nd4 Bf2 51. Nc6 Kb3 52. Ne5 f5 53. g4
Bg3 54. Nc6 f4 55. Nd4+ Ka4 56. g5 Bh4 57. Ne6 Ka3 58. Ke4 b4 59. Nd4 Bxg5 0-1

[Event "XXIX Festival Isola d'Elba A"]
[Site "Capoliveri ITA"]
[Date "2011.05.14"]
[Round "9"]
[White "Paleologu, Vladimir"]
[Black "Bellia, Fabrizio"]
[Result "1/2-1/2"]
[WhiteElo "2152"]
[BlackElo "2415"]
[PlyCount "60"]
[EventDate "2011.05.07"]

1. e4 e5 2. Nf3 Nc6 3. Bc4 Bc5 4. c3 Nf6 5. d4 exd4 6. cxd4 Bb4+ 7. Bd2 Nxe4 8.
Bxb4 Nxb4 9. Bxf7+ Kxf7 10. Qb3+ d5 11. Ne5+ Ke6 12. Qxb4 c5 13. Qa4 cxd4 14.
Qxd4 Qf6 15. Nf3 Qxd4 16. Nxd4+ Ke5 17. Nf3+ Kd6 18. O-O Bd7 19. Nd4 Rac8 20.
f3 Nf6 21. Nc3 Rhe8 22. Kf2 g5 23. Rad1 a6 24. Rd2 b5 25. a3 Re5 26. Rfd1 Be8
27. Nc2 a5 28. Ne3 Rc5 29. Rd4 Ke6 30. h4 h6 1/2-1/2

[Event "XXIX Festival Isola d'Elba A"]
[Site "Capoliveri ITA"]
[Date "2011.05.14"]
[Round "9"]
[White "Friedrich, Norbert"]
[Black "Ricci, Alfredo"]
[Result "1-0"]
[WhiteElo "2305"]
[BlackElo "1946"]
[PlyCount "59"]
[EventDate "2011.05.07"]

1. e4 c5 2. Nf3 e6 3. d4 cxd4 4. Nxd4 a6 5. c4 Nf6 6. Nc3 d6 7. Be2 Be7 8. O-O
Qc7 9. Be3 b6 10. Qd2 Bb7 11. f3 O-O 12. Rac1 Rd8 13. Rc2 Nc6 14. Nd5 exd5 15.
cxd5 b5 16. Nxc6 Rdc8 17. Rfc1 Qd7 18. Qa5 Bf8 19. Qb6 Ne8 20. Bd3 g6 21. Na5
Rxc2 22. Rxc2 Bc8 23. b3 Qe7 24. Bf2 Qe5 25. Qc6 Rb8 26. Ba7 Bh6 27. Bf1 Bd7
28. Qxd7 Nf6 29. Qh3 Nh5 30. Nc6 1-0

[Event "XXIX Festival Isola d'Elba A"]
[Site "Capoliveri ITA"]
[Date "2011.05.14"]
[Round "9"]
[White "Naumkin, Igor"]
[Black "Blasco, Domenico"]
[Result "1-0"]
[WhiteElo "2506"]
[BlackElo "1939"]
[PlyCount "69"]
[EventDate "2011.05.07"]

1. d4 g6 2. c4 Bg7 3. e4 d6 4. Nc3 a6 5. h3 c6 6. Nf3 b5 7. a3 Bb7 8. Be2 Nd7
9. O-O e5 10. Be3 Ngf6 11. Qc2 O-O 12. Rad1 Qe7 13. dxe5 dxe5 14. b4 Rfd8 15.
Qa2 a5 16. Qb3 axb4 17. axb4 bxc4 18. Bxc4 Ba6 19. Bxa6 Rxa6 20. Qc4 Raa8 21.
Ra1 Rxa1 22. Rxa1 Bf8 23. Rb1 Qd6 24. Ng5 Qe7 25. Qxc6 h6 26. Nf3 g5 27. b5 g4
28. Nh4 gxh3 29. Nf5 Qe8 30. Nd5 Nxd5 31. Qxd5 hxg2 32. Rd1 Be7 33. Bb6 Nxb6
34. Nxe7+ Qxe7 35. Qxd8+ 1-0

[Event "XXIX Festival Isola d'Elba A"]
[Site "Capoliveri ITA"]
[Date "2011.05.14"]
[Round "9"]
[White "Schaefer, Michael"]
[Black "Evangelisti, Claudio R."]
[Result "1/2-1/2"]
[WhiteElo "2248"]
[BlackElo "2243"]
[PlyCount "33"]
[EventDate "2011.05.07"]

1. d4 Nf6 2. Nf3 e6 3. g3 c5 4. Bg2 Nc6 5. O-O cxd4 6. Nxd4 Bc5 7. Nxc6 dxc6 8.
Qxd8+ Kxd8 9. Rd1+ Ke7 10. Nc3 e5 11. Bg5 Bf5 12. Ne4 Bxe4 13. Bxe4 Rae8 14.
Rd3 h6 15. Bxf6+ Kxf6 16. Rad1 g6 17. Bg2 1/2-1/2

[Event "XXIX Festival Isola d'Elba A"]
[Site "Capoliveri ITA"]
[Date "2011.05.14"]
[Round "9"]
[White "Kopischke, Maik"]
[Black "Facchetti, Gianni"]
[Result "1/2-1/2"]
[WhiteElo "1890"]
[BlackElo "2098"]
[PlyCount "75"]
[EventDate "2011.05.07"]

1. Nf3 Nf6 2. d4 d6 3. c4 Nbd7 4. Nc3 e5 5. e4 c6 6. Be2 Qc7 7. h3 Be7 8. Be3
a6 9. O-O O-O 10. Qc2 Re8 11. a3 b6 12. Rad1 Bb7 13. b4 Bf8 14. Rfe1 h6 15.
dxe5 dxe5 16. Qb2 b5 17. c5 Rad8 18. Rd2 Nb8 19. Red1 Rxd2 20. Rxd2 Bc8 21. Bd1
Be6 22. Bb3 Bxb3 23. Qxb3 a5 24. Ne1 Rd8 25. Qd1 Rxd2 26. Qxd2 axb4 27. axb4
Qd7 28. Qxd7 Nfxd7 29. Kf1 Na6 30. Nc2 Be7 31. g3 Nf8 32. Ke2 Ne6 33. f3 Bf6
34. h4 h5 35. Kd3 Kf8 36. Ne2 Ke8 37. Bd2 Kd7 38. Ne3 1/2-1/2

[Event "XXIX Festival Isola d'Elba A"]
[Site "Capoliveri ITA"]
[Date "2011.05.14"]
[Round "9"]
[White "Arigoni, Bruno"]
[Black "Simeone, Giulio"]
[Result "0-1"]
[WhiteElo "2071"]
[BlackElo "1869"]
[PlyCount "128"]
[EventDate "2011.05.07"]

1. Nf3 g6 2. d4 Bg7 3. c4 d6 4. Nc3 Nc6 5. e3 e5 6. d5 Nce7 7. e4 f5 8. Bg5 Nf6
9. Bxf6 Bxf6 10. Bd3 O-O 11. h4 c6 12. Qd2 f4 13. Be2 cxd5 14. Nxd5 Nxd5 15.
Qxd5+ Kg7 16. O-O-O Qb6 17. Rhf1 Bg4 18. Qxd6 Qxd6 19. Rxd6 Bxh4 20. Rd2 Bf6
21. Nh2 Be6 22. Ng4 f3 23. Bxf3 Bxg4 24. Bxg4 Bg5 25. Be6 Rad8 26. Bd5 Bxd2+
27. Kxd2 h5 28. Ke3 b6 29. f3 g5 30. Rc1 g4 31. b4 gxf3 32. gxf3 Kf6 33. f4 Rd7
34. fxe5+ Kxe5 35. Rg1 Rh7 36. c5 h4 37. Rg6 Re8 38. Rg5+ Kf6 39. Rf5+ Ke7 40.
cxb6 axb6 41. Rf2 h3 42. Rh2 Rc8 43. Kf4 Rc3 44. Ke5 Rg3 45. Rc2 Rh5+ 46. Kf4
Rg2 47. Rc7+ Kd8 48. Rc1 h2 49. Rh1 Rh4+ 50. Ke3 Rg1 51. e5 Rxh1 52. Bxh1 Rxb4
53. Kf3 Rb1 54. Kg2 Rb2+ 55. Kh3 Rxa2 56. Bd5 Rd2 57. Bg2 Ke7 58. Kxh2 Ke6 59.
Kg3 Kxe5 60. Bc6 Kd4 61. Kf3 Kc5 62. Be8 b5 63. Ke3 Rd8 64. Bf7 Kb4 0-1

[Event "XXIX Festival Isola d'Elba A"]
[Site "Capoliveri ITA"]
[Date "2011.05.14"]
[Round "9"]
[White "Guerrini, Donato"]
[Black "Fantana, Marin-Dumitru"]
[Result "1-0"]
[WhiteElo "2011"]
[BlackElo "1914"]
[PlyCount "87"]
[EventDate "2011.05.07"]

1. Nf3 Nf6 2. g3 d5 3. Bg2 c5 4. c4 d4 5. b4 cxb4 6. a3 bxa3 7. Bxa3 g6 8. d3
Bg7 9. O-O Nc6 10. Nbd2 O-O 11. Qc2 Qc7 12. Rfb1 Rd8 13. Ng5 h6 14. Nge4 Ng4
15. Nc5 h5 16. Qa4 Nge5 17. Nf3 Nd7 18. Ne4 Nb6 19. Qb3 Bf5 20. Nc5 Rab8 21.
Nh4 Bg4 22. h3 Bc8 23. Qb5 Qe5 24. Nf3 Qc7 25. Nd2 Bf5 26. Nxb7 Rxb7 27. Qxc6
Qxc6 28. Bxc6 Rc7 29. Bg2 Na4 30. Ne4 Nc3 31. Nxc3 dxc3 32. Rb3 Bxd3 33. exd3
Rxd3 34. Rc1 Rd2 35. Rbxc3 Bxc3 36. Rxc3 f5 37. c5 e5 38. c6 Kf7 39. Bb4 Ke6
40. Ba5 Rc8 41. Bf1 Kd6 42. c7 Ra2 43. Bb4+ Kd7 44. Bb5+ 1-0

[Event "XXIX Festival Isola d'Elba A"]
[Site "Capoliveri ITA"]
[Date "2011.05.14"]
[Round "9"]
[White "De Giorgis, Georges"]
[Black "Albanesi, Roberto"]
[Result "0-1"]
[WhiteElo "1758"]
[BlackElo "1980"]
[PlyCount "110"]
[EventDate "2011.05.07"]

1. f4 g6 2. Nf3 Bg7 3. e4 c5 4. c3 Nf6 5. d3 d6 6. Be3 Ng4 7. Bg1 O-O 8. h3 Nf6
9. Bf2 Nc6 10. Be2 Qc7 11. O-O Rd8 12. Nbd2 b6 13. Bg3 Bb7 14. Nh2 e6 15. Ng4
Nh5 16. Bh2 f5 17. Nf2 Nf6 18. Bf3 Ba6 19. Re1 Re8 20. Qc2 d5 21. e5 Nd7 22.
Rac1 Rac8 23. b3 b5 24. a3 Qb6 25. Bg3 Bf8 26. Kh1 b4 27. axb4 cxb4 28. c4 Bc5
29. Rf1 Nd4 30. Qa2 Bb7 31. cxd5 exd5 32. Kh2 Rc7 33. Nh1 Rec8 34. Qb1 Nb5 35.
Bf2 Nc3 36. Bxc5 Nxc5 37. Qc2 Ne6 38. g3 Ne2 39. Nc4 Nxc1 40. Nxb6 Rxc2+ 41.
Rf2 Rxf2+ 42. Nxf2 axb6 43. Bd1 Rc3 44. h4 Nxd3 45. Nxd3 Rxd3 46. Be2 Rd2 47.
h5 Rxe2+ 48. Kh3 Re3 49. h6 Nxf4+ 50. Kh4 Ne6 51. Kh3 d4 52. Kh4 d3 53. g4 fxg4
54. Kxg4 d2 55. Kh4 Rxb3 0-1